| 000 | 00437nam a22001217a 4500 | ||
|---|---|---|---|
| 008 | 160322b xxu||||| |||| 00| 0 eng d | ||
| 050 | _aLA1633.7.C397 | ||
| 245 |
_aCentres for educational innovation in Nigeria _cNigeria Educational Research Council ed. |
||
| 260 |
_aLagos _bNigeria Educational Research Council _c1980 |
||
| 300 |
_a48p. ; _c23cm. |
||
| 710 |
_aNigeria Educational Research Council _eed. _923286 |
||
| 942 |
_2lcc _cMONOGRAPH |
||
| 999 |
_c124460 _d124460 |
||